000 00414nam a2200157Ia 4500
008 151213s9999 xx 000 0 und d
100 _aPerkins, George
245 _aThe American tradition literature
_cPerkins, George
250 _a9th
260 _aBoston
_bMcGraw hill
_c1999
300 _a1819 p.
650 _aEnglish Literature
650 _aEnglish Literature
700 _aPerkins, George
999 _c1338
_d1338